000 00668nam a2200241 a 4500
008
020 _a033346334X (pbk.)
049 _aMAIN
090 _aQC355.2
_bBEY
245 0 0 _aWaves and optics /
_cJ. Beynon.
260 _aHoundmills :
_bMacmillan Education,
_cc1988.
300 _ax, 157p. :
_bill. ;
_c27 cm.
440 _aMacmillan work out series.
504 _aIncludes bibliographical references.
500 _aIncludes Index.
650 0 _aWaves.
650 0 _aOptics.
907 _a.b10113265
_b11-04-14
_c26-02-04
003
005 20230123133645.0
040 _cNUST
942 _cBOOKS
_kQC355.2
_mBEY
999 _c152365
_d152365